تاريخ المسألة المصرية 1875-1910 / (رقم التسجيلة. 16552)

تفاصيل مارك
000 -LEADER
fixed length control field 00698nam a22002297a 4500
005 - DATE AND TIME OF LATEST TRANSACTION
control field 20251108164859.0
008 - FIXED-LENGTH DATA ELEMENTS--GENERAL INFORMATION
fixed length control field 250721s1981 xx 000 0 ara d
082 14 - DEWEY DECIMAL CLASSIFICATION NUMBER
Classification number 962.02/رتش
100 1# - MAIN ENTRY--PERSONAL NAME
Personal name رتشتين، تيودور
245 10 - TITLE STATEMENT
Title تاريخ المسألة المصرية 1875-1910 /
250 ## - EDITION STATEMENT
Edition statement ط2.
264 1# - PRODUCTION, PUBLICATION, DISTRIBUTION, MANUFACTURE, AND COPYRIGHT NOTICE
Place of production, publication, distribution, manufacture بيروت :
Name of producer, publisher, distributor, manufacturer دار الوحدة،
Date of production, publication, distribution, manufacture, or copyright notice 1981.
300 ## - PHYSICAL DESCRIPTION
Extent 281ص
500 ## - GENERAL NOTE
General note ترجمة كتاب خراب مصر
650 17 - SUBJECT ADDED ENTRY--TOPICAL TERM
Topical term or geographic name as entry element تاريخ مصر
650 17 - SUBJECT ADDED ENTRY--TOPICAL TERM
Topical term or geographic name as entry element التاريخ السياسي
650 17 - SUBJECT ADDED ENTRY--TOPICAL TERM
Topical term or geographic name as entry element تاريخ مصر
700 1# - ADDED ENTRY--PERSONAL NAME
Personal name العبادي، عبد الحميد
Relator term ترجمة
700 1# - ADDED ENTRY--PERSONAL NAME
Personal name بدران، محمد
942 ## - ADDED ENTRY ELEMENTS (KOHA)
Source of classification or shelving scheme Dewey Decimal Classification
Koha item type كتب
المقتنيات
حالة السحب حالة الفقدان مصدر التصنيف حالة التلف غير قابل للإعارة المكتبة الرئيسية المكتبة الحالية موقع الرف تاريخ التزويد الرقم المتسلسل Total Checkouts رقم الإستدعاء الباركود تاريخ آخر ظهور تاريخ الفاتورة نوع المادة (كوها)
    Dewey Decimal Classification     المكتبة المركزية المكتبة المركزية الإعارة 06/07/2004 74551   962.02/رتش 74551 28/07/2025 06/07/2004 كتب
Implemented & Customized by: BBB with SCIT (Smart Chains for Information Technology)

Powered by Koha